top 10 des BD plus vendues - Statistiques

Statistiques générales
  • Ce quiz a été pris 86 fois
  • Le résultat moyen est 4 sur 10
Statistiques - réponses
hint Réponse % Correct
2 Tintin
99%
1 Astérix
85%
5 Spirou
62%
3 Lucky Luke
49%
8 Gaston Lagaffe
44%
4 Les Schtroumpfs
38%
6 Les Tuniques Bleues
25%
7 Blake et Mortimer
22%
9 Corto Maltese
7%
10 Valérian
4%
Aucun quiz correspondant
Distribution des résultats
% des personnes avec chaque résultat
Percentile par nombre de réponses
Votre historique - résultats
Vous n’avez pas pris ce quiz